000 00250nmm a2200085Ia 4500
008 220120s9999||||xx |||||||||||||||||und||
100 _aCatalogues , Wiley
_911078
245 0 _aMechanical and induistrial engg., civil engg., Polymer &Mate
260 _c2007
999 _c139254
_d139254